000 002700000a22001090004500
090 _aAS
_bSeriadas
245 1 0 _aNotas sobre aves de Colombia IV
041 0 _aEspañol
100 1 _aMaría, Nicéforo
_995755
942 _cARTICULO
773 1 _tCaldasia
_h32
_q173-176
_d1955
_g7
999 _c15836
_d15836